Itinéraire des pays - Statistiques

Statistiques générales
  • Ce quiz a été pris 276 fois
    254 depuis la dernière actualisation
  • Le résultat moyen est 17 sur 20
Statistiques - réponses
D'où on commence Pays Où il faut se rendre % Correct
Namibie Afrique du Sud Lesotho
93%
Mali Algérie Tunisie
92%
Chine Russie Ukraine
92%
Libye Égypte Israël
91%
Thailande Laos / Cambodge Viet Nam
91%
Biélorussie Lettonie / Russie Estonie
91%
Jordanie Arabie Saoudite Oman
89%
Iran Pakistan Inde
88%
Yemen Arabie Saoudite Irak
86%
Tanzanie Kenya Somalie
86%
Russie Pologne République Tchèque
86%
Andorre Espagne Portugal
84%
Belgique Luxembourg / Allemagne France
84%
Tchad Niger Burkina Faso
84%
Éthiopie Soudan du Sud / Soudan République Centrafricaine
83%
Autriche Allemagne Luxembourg
82%
Népal Chine Birmanie
81%
Bosnie-Herzégovine Croatie Slovénie
81%
Afrique du Sud Mozambique Malawi
80%
Slovaquie Hongrie Serbie
75%
Aucun quiz correspondant
Distribution des résultats
% des personnes avec chaque résultat
Percentile par nombre de réponses
Votre historique - résultats
Vous n’avez pas pris ce quiz depuis la dernière actualisation